| 000 | 00774nam a2200229 i 4500 | ||
|---|---|---|---|
| 001 | 77942 | ||
| 003 | ES-MaACL | ||
| 005 | 20230906173451.0 | ||
| 007 | t| | ||
| 008 | 041116s1936 sp ||||1| spa d | ||
| 080 | _a940 | ||
| 100 | 1 |
_aMacario, Baj. _975053 |
|
| 245 | 1 | 0 |
_aNoticias sobre la campaña turco-griega de 1919-1922 / _cCapitán Baj Macario ; versión española de Fernando Ahumada. |
| 260 |
_aToledo : _b[s.n.], _c1936 ( _fRodríguez Impresor) |
||
| 300 |
_a141 p. ; _c19 cm. |
||
| 490 | 1 |
_aColección Bibliográfica Militar ; _v91 |
|
| 650 | 1 | 4 |
_aGuerra turco-griega, 1919-1922. _913265 |
| 700 | 1 |
_aAhumada, Fernando. _918950 |
|
| 830 | 0 |
_aColección Bibliográfica Militar ; _v91 _9183564 |
|
| 852 |
_aES-MaACL _jE-10396 _bR.133676 |
||
| 999 |
_c77942 _d77942 |
||